000 00369nam a2200157Ia 4500
003 OSt
005 20240202141316.0
008 170523s9999 xx 000 0 und d
020 _a9789356225961
040 _ciimt university meerut
100 _aPARAMAHAMRA FOUNDATION
245 0 _aPRINCIPLE OF ACCOUNTING
260 _bBANGALORE
260 _c1994
942 _2ddc
_c02
999 _c230
_d230